MARC details
| 000 -LEADER |
| fixed length control field |
02327cam a22004937i 4500 |
| 001 - CONTROL NUMBER |
| control field |
on1407070417 |
| 003 - CONTROL NUMBER IDENTIFIER |
| control field |
OCoLC |
| 005 - DATE AND TIME OF LATEST TRANSACTION |
| control field |
20240205180839.0 |
| 008 - FIXED-LENGTH DATA ELEMENTS--GENERAL INFORMATION |
| fixed length control field |
231101t20232021nyua a 000 1 eng d |
| 040 ## - CATALOGING SOURCE |
| Original cataloging agency |
UUC |
| Language of cataloging |
eng |
| Description conventions |
rda |
| Transcribing agency |
UUC |
| Modifying agency |
UUC |
| -- |
CLE |
| -- |
OCLCO |
| -- |
WACOL |
| 020 ## - INTERNATIONAL STANDARD BOOK NUMBER |
| International Standard Book Number |
9780486851884 |
| Qualifying information |
(paperback) |
| 020 ## - INTERNATIONAL STANDARD BOOK NUMBER |
| International Standard Book Number |
0486851885 |
| Qualifying information |
(paperback) |
| 020 ## - INTERNATIONAL STANDARD BOOK NUMBER |
| International Standard Book Number |
9798890332486 |
| Qualifying information |
(Penworthy) |
| 035 ## - SYSTEM CONTROL NUMBER |
| System control number |
(OCoLC)1407070417 |
| 092 ## - LOCALLY ASSIGNED DEWEY CALL NUMBER (OCLC) |
| Classification number |
children |
| Item number |
Sperring |
| 049 ## - LOCAL HOLDINGS (OCLC) |
| Holding library |
WACL |
| 100 1# - MAIN ENTRY--PERSONAL NAME |
| Personal name |
Sperring, Mark, |
| Relator term |
author. |
| 9 (RLIN) |
5874854 |
| 245 10 - TITLE STATEMENT |
| Title |
20 dinosaurs at bedtime / |
| Statement of responsibility, etc |
Mark Sperring, Tim Budgen. |
| 246 3# - VARYING FORM OF TITLE |
| Title proper/short title |
Twenty dinosaurs at bedtime |
| 250 ## - EDITION STATEMENT |
| Edition statement |
Dover edition ; US edition. |
| 264 #1 - Production, Publication, Distribution, Manufacture, and Copyright Notice. |
| Place of production, publication, distribution, manufacture |
Garden City, New York : |
| Name of producer, publisher, distributor, manufacturer |
Dover Publications, |
| Date of production, publication, distribution, manufacture, or copyr |
2023. |
| 264 #4 - Production, Publication, Distribution, Manufacture, and Copyright Notice. |
| Date of production, publication, distribution, manufacture, or copyr |
�2021. |
| 300 ## - PHYSICAL DESCRIPTION |
| Extent |
1 volume (unpaged) : |
| Other physical details |
color illustrations ; |
| Dimensions |
28 cm |
| 336 ## - Content Type |
| Content type term |
text |
| 336 ## - Content Type |
| Content type term |
still image |
| 337 ## - Media type |
| Media type term |
unmediated |
| 338 ## - Carrier type |
| Carrier type term |
volume |
| 500 ## - GENERAL NOTE |
| General note |
"This Dover edition, first published in 2023, is an unabridged republication of the work published by Scholastic Children's Books, a division of Scholastic Ltd., London, in 2021. The text has been modified for this US edition."--Page preceding title page. |
| 520 ## - SUMMARY, ETC. |
| Summary, etc |
"Once upon a bedtime... What's the best way to fall asleep? By counting dinosaurs, of course! This rollicking, rhyming story with stomping, laughing dinosaurs on every page is a great way to count from one to twenty--and is sure to become a family favorite for super fun bedtime routines."--Back cover. |
| 521 ## - TARGET AUDIENCE NOTE |
| Target audience note |
children picture book |
| Source |
Penworthy |
| 650 #0 - SUBJECT ADDED ENTRY--TOPICAL TERM |
| Topical term or geographic name as entry element |
Counting |
| Form subdivision |
Juvenile fiction. |
| 9 (RLIN) |
5693413 |
| 650 #0 - SUBJECT ADDED ENTRY--TOPICAL TERM |
| Topical term or geographic name as entry element |
Bedtime |
| Form subdivision |
Juvenile fiction. |
| 9 (RLIN) |
5674587 |
| 650 #0 - SUBJECT ADDED ENTRY--TOPICAL TERM |
| Topical term or geographic name as entry element |
Dinosaurs |
| Form subdivision |
Juvenile fiction. |
| 9 (RLIN) |
5675178 |
| 650 #6 - SUBJECT ADDED ENTRY--TOPICAL TERM |
| Topical term or geographic name as entry element |
Calcul |
| Form subdivision |
Romans, nouvelles, etc. pour la jeunesse. |
| 9 (RLIN) |
6455949 |
| 650 #6 - SUBJECT ADDED ENTRY--TOPICAL TERM |
| Topical term or geographic name as entry element |
Heure du coucher |
| Form subdivision |
Romans, nouvelles, etc. pour la jeunesse. |
| 9 (RLIN) |
6447632 |
| 650 #6 - SUBJECT ADDED ENTRY--TOPICAL TERM |
| Topical term or geographic name as entry element |
Dinosaures |
| Form subdivision |
Romans, nouvelles, etc. pour la jeunesse. |
| 9 (RLIN) |
6462475 |
| 655 #7 - INDEX TERM--GENRE/FORM |
| Genre/form data or focus term |
picture books. |
| Source of term |
aat |
| 655 #7 - INDEX TERM--GENRE/FORM |
| Genre/form data or focus term |
Picture books. |
| Source of term |
lcgft |
| 655 #7 - INDEX TERM--GENRE/FORM |
| Genre/form data or focus term |
Stories in rhyme. |
| Source of term |
lcgft |
| 655 #7 - INDEX TERM--GENRE/FORM |
| Genre/form data or focus term |
Livres d'images. |
| Source of term |
rvmgf |
| 9 (RLIN) |
6445455 |
| 655 #7 - INDEX TERM--GENRE/FORM |
| Genre/form data or focus term |
Histoires rim�ees. |
| Source of term |
rvmgf |
| 9 (RLIN) |
6446953 |
| 700 1# - ADDED ENTRY--PERSONAL NAME |
| Personal name |
Budgen, Tim, |
| Dates associated with a name |
1977- |
| Relator term |
illustrator. |
| 9 (RLIN) |
5953164 |
| 994 ## - |
| -- |
C0 |
| -- |
WACOL |